La migración ecuatoriana: transnacionalismo, redes e identidades /
সংরক্ষণ করুন:
| প্রধান লেখক: | |
|---|---|
| অন্যান্য লেখক: | |
| বিন্যাস: | অজ্ঞাত |
| ভাষা: | Spanish |
| প্রকাশিত: |
Quito:
FLACSO. Plan migración comunicación y desarrollo
|
| সংস্করন: | 2 |
| বিষয়গুলি: | |
| ট্যাগগুলো: |
ট্যাগ যুক্ত করুন
কোনো ট্যাগ নেই, প্রথমজন হিসাবে ট্যাগ করুন!
|
MARC
| LEADER | 00000 a2200000 04500 | ||
|---|---|---|---|
| 001 | 34700 | ||
| 003 | |||
| 008 | 050628s2006 ec spa d | ||
| 040 | |||
| 020 | |a 9978-67-104-8 | ||
| 090 | |a 1001 H565m | ||
| 100 | |a Herrera, Gioconda | ||
| 245 | |a La migración ecuatoriana: transnacionalismo, redes e identidades / |c Gioconda Herrera | ||
| 250 | |a 2 | ||
| 260 | |a Quito: |b FLACSO. Plan migración comunicación y desarrollo | ||
| 300 | |a 512 p. | ||
| 650 | |a MIGRACION | ||
| 650 | |a HISTORIA SOCIAL | ||
| 650 | |a ECUADOR | ||
| 650 | |a MIGRACION | ||
| 700 | |a ed. |a Carrillo María Cristina |a ed. |a Torres, Alicia |a ed. | ||
| 999 | |c 13746 |d 13746 | ||



